000 01173nam a2200313 i 4500
001 768714001
003 CO-MdFUSB
005 20250603115736.0
007 ta
008 180119t2014 ck ||||g |||| 00| 0 spa d
020 _a978-958-46-4131-1
040 _aCO-MdFUSB
_bspa
_cCO-MdFUSB
_dCO-MdFUSB
_erda
041 0 _aspa
082 _224
_a248.8
_bM181g
100 _aMadeira, Eugenio
_eautor
245 1 0 _aGuía y dirección para la vida cristiana victoriosa
_b: los propósitos de la Escritura en tu vida
_c/ Eugenio Madeira , Rosa Camargo B.
264 1 _aColombia :
_b(sin editorial) ;
_c℗[2014]
264 4 _c©2014
300 _a523 páginas
_c; 23 cm.
336 _2rdacontent
_atexto
_btxt
337 _2rdamedia
_asin mediación
_bn
338 _2rdacarrier
_avolumen
_bnc
505 _aPrefacio -- Reconcialición -- Integridad -- Dignidad -- Perseverancia -- Madurez -- Efectividad -- Servicio -- Formación del liderazgo -- Salvaguardando la libertad -- Supervivencia -- Renovación espiritual -- Esperanza de justicia
563 _aRústico
650 0 _919
_aVida cristiana
700 _aCamargo B., Rosa
_eautor
942 _cBK
945 _aJTF-925
999 _c45187
_d45187